| 000 | 00594nam a2200229Ia 4500 | ||
|---|---|---|---|
| 003 | OSt | ||
| 005 | 20230511135817.0 | ||
| 008 | 210423s2009 xx 000 0 und d | ||
| 020 | _a978-81-907770-9-4 | ||
| 040 | _cAL | ||
| 041 | _aeng | ||
| 082 | _a660 BALA | ||
| 100 |
_aBALSARAF (V M) _9103012 |
||
| 245 | _aApplied chemistry 2 | ||
| 260 |
_aNew Delhi _bPacific Books International _c2009 |
||
| 300 |
_axiv,181p _bHB |
||
| 365 |
_b145 _cINR |
||
| 650 |
_aChemical Engineering _9103013 |
||
| 650 |
_aChemical Engineering _9103013 |
||
| 906 | _aApplied ; chemistry | ||
| 942 |
_2ddc _cBK |
||
| 999 |
_c165984 _d165984 |
||